[Event "Nordsjaellands Weekend EMT 2024"]
[Site "Allerod"]
[Date "2024.01.06"]
[Round "3"]
[White "Thorsbro, Peter"]
[Black "Strange, Mikkel"]
[Result "1/2-1/2"]
[WhiteElo "2177"]
[BlackElo "2327"]
[PlyCount "108"]
[EventDate "2024.01.05"]
[EventType "swiss"]
[EventRounds "5"]
[EventCountry "DEN"]
[SourceTitle "Live v. Allerod Skakklub"]

1. d4 f5 2. c4 Nf6 3. g3 g6 4. Bg2 Bg7 5. Nf3 O-O 
6. O-O d6 7. Nc3 Nc6 8. d5 Ne5 9. Nxe5 dxe5 10. e4 f4 
11. gxf4 exf4 12. Bxf4 Nxe4 13. Bg3 Nxg3 14. hxg3 e6 15. Qb3 exd5 
16. Nxd5 c6 17. Ne3 Qb6 18. Rab1 Bd4 19. Rfe1 Be6 20. Qc2 Rf6 
21. b4 Raf8 22. c5 Qc7 23. Qe4 Bxe3 24. Qxe3 Bxa2 25. Rb2 Bc4 
26. Qd4 Bb5 27. Rd2 Qf7 28. Bh3 Bc4 29. Re5 a6 30. Qe3 Rf3 
31. Qe1 Qg7 32. Re7 R3f7 33. Be6 Bxe6 34. Qxe6 Qa1+ 35. Kg2 Kg7 
36. Rdd7 Qf6 37. Qe3 Rxe7 38. Rxe7+ Rf7 39. Re6 Qb2 40. Re4 h5 
41. Rd4 Qc2 42. Qe5+ Kh7 43. Rf4 Qa2 44. Rf6 Rxf6 45. Qxf6 Qd5+ 
46. Kg1 Qd1+ 47. Kg2 Qd7 48. Qf8 g5 49. Qf6 Qg7 50. Qf5+ Kg8 
51. Qc8+ Kh7 52. Qf5+ Kh6 53. Qe6+ Qg6 54. Qe7 Qg7 1/2-1/2

[Event "Nordsjaellands Weekend EMT 2024"]
[Site "Allerod"]
[Date "2024.01.06"]
[Round "3"]
[White "Brondt, Nicolai Kvist"]
[Black "Skonnord, Uno"]
[Result "1-0"]
[WhiteElo "2236"]
[BlackElo "2153"]
[PlyCount "73"]
[EventDate "2024.01.05"]
[EventType "swiss"]
[EventRounds "5"]
[EventCountry "DEN"]
[SourceTitle "Live v. Allerod Skakklub"]

1. c4 c5 2. Nc3 g6 3. g3 Bg7 4. Bg2 Nc6 5. a3 e6 
6. Rb1 Nge7 7. b4 d6 8. Nf3 b6 9. O-O Bb7 10. e3 O-O 
11. Qb3 Ne5 12. Nxe5 Bxg2 13. Nxf7 Rxf7 14. Kxg2 Qd7 15. Bb2 Raf8 
16. f3 e5 17. Ne4 Rf5 18. Qd3 d5 19. cxd5 Nxd5 20. Qc4 Kh8 
21. bxc5 Rxf3 22. Rxf3 Rxf3 23. Kxf3 Qf7+ 24. Nf6 Bxf6 25. Qe4 bxc5 
26. Kg2 Qe6 27. Qf3 Bg7 28. e4 Nf6 29. Bc3 h5 30. Rb7 h4 
31. gxh4 Nh5 32. h3 Bf6 33. Qg4 Qc6 34. Rf7 Nf4+ 35. Kh2 Kg8 
36. Qd7 Qa8 37. Rxf6 1-0

[Event "Nordsjaellands Weekend EMT 2024"]
[Site "Allerod"]
[Date "2024.01.06"]
[Round "3"]
[White "Hoiberg, Nina"]
[Black "Gregor, Bjarke"]
[Result "0-1"]
[WhiteElo "2140"]
[BlackElo "2159"]
[PlyCount "84"]
[EventDate "2024.01.05"]
[EventType "swiss"]
[EventRounds "5"]
[EventCountry "DEN"]
[SourceTitle "Live v. Allerod Skakklub"]

1. e4 c5 2. Nf3 d6 3. d4 cxd4 4. Qxd4 Nc6 5. Bb5 Bd7 
6. Bxc6 Bxc6 7. Nc3 Nf6 8. Bg5 e5 9. Qd3 Be7 10. O-O-O Qb6 
11. Be3 Qa5 12. Nd2 Rd8 13. Nb3 Qc7 14. f3 a6 15. Nd5 Nxd5 
16. exd5 Bd7 17. f4 Bg4 18. Rd2 O-O 19. h3 Bh5 20. f5 f6 
21. g4 Be8 22. c4 b5 23. Rc2 bxc4 24. Rxc4 Qb8 25. Qd2 Bb5 
26. Rc3 Rc8 27. Kb1 Rxc3 28. Qxc3 Rc8 29. Qd2 Qa8 30. Ka1 Bd8 
31. Rd1 a5 32. Rc1 a4 33. Rxc8 Qxc8 34. Nc1 Qa6 35. g5 Bd7 
36. gxf6 Bxf6 37. Qd3 Qxd3 38. Nxd3 Bxf5 39. Nf2 h5 40. Bb6 Kf7 
41. h4 Bxh4 42. b4 a3 0-1

[Event "Nordsjaellands Weekend EMT 2024"]
[Site "Allerod"]
[Date "2024.01.06"]
[Round "3"]
[White "Lauritsen, Martin Lee"]
[Black "Petersen, Peter Birk"]
[Result "1-0"]
[WhiteElo "2127"]
[BlackElo "2152"]
[PlyCount "59"]
[EventDate "2024.01.05"]
[EventType "swiss"]
[EventRounds "5"]
[EventCountry "DEN"]
[SourceTitle "Live v. Allerod Skakklub"]

1. d4 Nf6 2. Nf3 e6 3. g3 c5 4. Bg2 cxd4 5. Nxd4 d5 
6. O-O Be7 7. c4 O-O 8. cxd5 Nxd5 9. e4 Nb4 10. Nc3 N8c6 
11. Nxc6 Nxc6 12. Be3 b6 13. Qa4 Bb7 14. Rfd1 Qc8 15. Rac1 Rd8 
16. Nd5 Bf8 17. b4 exd5 18. exd5 Nxb4 19. Rxc8 Raxc8 20. Qxa7 Bxd5 
21. Qxb6 Rb8 22. Qd4 Nc2 23. Qh4 Bc4 24. Rxd8 Rb1+ 25. Bf1 Rxf1+ 
26. Kg2 Ne1+ 27. Kh3 Be6+ 28. g4 f5 29. Rxf8+ Kxf8 30. Bc5+ 1-0

[Event "Nordsjaellands Weekend EMT 2024"]
[Site "Allerod"]
[Date "2024.01.07"]
[Round "4"]
[White "Vinter Schou, Uffe"]
[Black "Borge, Nikolaj"]
[Result "1/2-1/2"]
[WhiteElo "2348"]
[BlackElo "2388"]
[PlyCount "67"]
[EventDate "2024.01.05"]
[EventType "swiss"]
[EventRounds "5"]
[EventCountry "DEN"]
[SourceTitle "Live v. Allerod Skakklub"]

1. c4 c5 2. Nf3 Nc6 3. Nc3 e5 4. e3 Nf6 5. d4 e4 
6. d5 exf3 7. dxc6 bxc6 8. Qxf3 d5 9. cxd5 cxd5 10. Bb5+ Bd7 
11. Bxd7+ Qxd7 12. O-O Qe6 13. Rd1 Rd8 14. b3 Bd6 15. Bb2 Be5 
16. Na4 Bxb2 17. Nxb2 O-O 18. Rac1 Qa6 19. Na4 c4 20. Qe2 Rc8 
21. Nc3 Rfd8 22. Qb2 Rb8 23. Rd4 Qb7 24. Rb1 cxb3 25. axb3 Ne4 
26. Nxe4 dxe4 27. Rbd1 Rxd4 28. Rxd4 h5 29. h4 Kh7 30. Qe2 g6 
31. b4 Rc8 32. Qd2 Qe7 33. Rd7 Rc1+ 34. Qxc1 1/2-1/2

[Event "Nordsjaellands Weekend EMT 2024"]
[Site "Allerod"]
[Date "2024.01.07"]
[Round "4"]
[White "Haubro, Martin"]
[Black "Hansen, Sune Berg"]
[Result "1/2-1/2"]
[WhiteElo "2418"]
[BlackElo "2511"]
[PlyCount "118"]
[EventDate "2024.01.05"]
[EventType "swiss"]
[EventRounds "5"]
[EventCountry "DEN"]
[SourceTitle "Live v. Allerod Skakklub"]

1. e4 c5 2. Nf3 Nc6 3. Bb5 g6 4. Bxc6 bxc6 5. d4 cxd4 
6. Qxd4 Nf6 7. e5 Nd5 8. Nc3 Nxc3 9. Qxc3 Bg7 10. O-O O-O 
11. Bf4 Qb6 12. Rfe1 d6 13. Rad1 Bg4 14. b3 Rad8 15. h3 Bc8 
16. Qe3 d5 17. Bh6 c5 18. Qf4 Qc7 19. Qh4 f6 20. Bxg7 Kxg7 
21. exf6+ exf6 22. Rd2 Rf7 23. Rde2 Ba6 24. Re6 Bc8 25. R6e2 Ba6 
26. Re6 Rd6 27. Qa4 Bc8 28. Rxd6 Qxd6 29. c3 Bf5 30. a3 Bd7 
31. Qxa7 Bxh3 32. Qa5 Bg4 33. Nh2 Bf5 34. b4 cxb4 35. Qxb4 Qxb4 
36. axb4 d4 37. g4 Bc2 38. cxd4 Rb7 39. Re2 Bd3 40. Rb2 Kf7 
41. Nf1 Rd7 42. Rd2 Be4 43. Ne3 Rb7 44. Rb2 Rd7 45. Rd2 Rb7 
46. Rb2 Rd7 47. b5 Rxd4 48. b6 Bb7 49. Kh2 Ke6 50. Kg3 h5 
51. gxh5 gxh5 52. Rb5 h4+ 53. Kh3 Rf4 54. Ng2 Rf3+ 55. Kxh4 Rxf2 
56. Ne1 Re2 57. Nd3 Kd6 58. Rf5 Re4+ 59. Rf4 Rxf4+ 1/2-1/2

[Event "Nordsjaellands Weekend EMT 2024"]
[Site "Allerod"]
[Date "2024.01.07"]
[Round "4"]
[White "Hector, Jonny"]
[Black "Hoi, Carsten"]
[Result "1-0"]
[WhiteElo "2446"]
[BlackElo "2395"]
[PlyCount "121"]
[EventDate "2024.01.05"]
[EventType "swiss"]
[EventRounds "5"]
[EventCountry "DEN"]
[SourceTitle "Live v. Allerod Skakklub"]

1. e4 e6 2. d4 d5 3. Nc3 Nf6 4. Bg5 Be7 5. e5 Nfd7 
6. h4 Bxg5 7. hxg5 Qxg5 8. Qd3 g6 9. Nf3 Qe7 10. Qd2 Nc6 
11. O-O-O a6 12. Rh6 b5 13. Bd3 Nb4 14. Rdh1 Nf8 15. Qg5 Qxg5+ 
16. Nxg5 Nxd3+ 17. cxd3 Bd7 18. Kd2 Ke7 19. Ne2 Rc8 20. Nf4 Be8 
21. g4 c5 22. Ne2 c4 23. f4 b4 24. dxc4 Rxc4 25. f5 gxf5 
26. gxf5 Rg8 27. R1h5 Kd8 28. f6 a5 29. b3 Rc8 30. Nxh7 Nxh7 
31. Rxh7 Rg2 32. Rg7 Rf2 33. Rh8 Kd7 34. Rhg8 Rh2 35. Rg2 Rh1 
36. Rg1 Rh2 37. R8g2 Rh4 38. Rc1 Ra8 39. Ke3 Re4+ 40. Kf3 a4 
41. Rg4 axb3 42. axb3 Ra2 43. Rxe4 dxe4+ 44. Ke3 Rb2 45. Nf4 Rxb3+ 
46. Kxe4 Kd8 47. d5 exd5+ 48. Nxd5 Bd7 49. Kd4 Rb2 50. Rg1 Be6 
51. Nf4 Kd7 52. Nd3 Rh2 53. Nc5+ Kc6 54. Nxe6 fxe6 55. Rf1 Rh4+ 
56. Kd3 Rh8 57. Kc4 Rb8 58. Rf3 Rh8 59. Rd3 Rb8 60. Rd6+ Kc7 
61. Kb3 1-0

[Event "Nordsjaellands Weekend EMT 2024"]
[Site "Allerod"]
[Date "2024.01.07"]
[Round "4"]
[White "Kristensen, Kaare Hove"]
[Black "Thorsbro, Peter"]
[Result "1-0"]
[WhiteElo "2303"]
[BlackElo "2177"]
[PlyCount "89"]
[EventDate "2024.01.05"]
[EventType "swiss"]
[EventRounds "5"]
[EventCountry "DEN"]
[SourceTitle "Live v. Allerod Skakklub"]

1. Nf3 d5 2. d4 e6 3. c4 a6 4. c5 Nf6 5. Nc3 Be7 
6. Bf4 O-O 7. e3 Nh5 8. Bg3 Nxg3 9. hxg3 c6 10. Bd3 f5 
11. Ne5 g6 12. f4 Nd7 13. Nxd7 Bxd7 14. Na4 Rf7 15. b4 Qc7 
16. g4 g5 17. g3 Raf8 18. Nb6 Rg7 19. gxf5 exf5 20. Nxd7 Qxd7 
21. Kf2 gxf4 22. gxf4 Rg4 23. Rg1 Bh4+ 24. Ke2 Qg7 25. Rxg4 Qxg4+ 
26. Kd2 Qg2+ 27. Qe2 Bf2 28. Kc2 Qg3 29. Rf1 Bg1 30. Qe1 Qxe1 
31. Rxe1 Bf2 32. Re2 Bh4 33. Rh2 Be1 34. a3 a5 35. Re2 Bh4 
36. bxa5 Bd8 37. Rg2+ Kh8 38. a6 bxa6 39. Bxa6 Rf6 40. Bc8 h6 
41. Bd7 Ba5 42. Kd3 h5 43. Rg5 Rh6 44. Bxf5 Bd8 45. Rg6 1-0

[Event "Nordsjaellands Weekend EMT 2024"]
[Site "Allerod"]
[Date "2024.01.07"]
[Round "4"]
[White "Gregor, Bjarke"]
[Black "Lauritsen, Martin Lee"]
[Result "1/2-1/2"]
[WhiteElo "2159"]
[BlackElo "2127"]
[PlyCount "167"]
[EventDate "2024.01.05"]
[EventType "swiss"]
[EventRounds "5"]
[EventCountry "DEN"]
[SourceTitle "Live v. Allerod Skakklub"]

1. e4 e5 2. Nf3 Nc6 3. Bb5 a6 4. Ba4 Nf6 5. d3 Bc5 
6. c3 b5 7. Bb3 d6 8. Bg5 h6 9. Bh4 Bb6 10. Nbd2 Qe7 
11. a4 Rb8 12. axb5 axb5 13. Nf1 Be6 14. Ne3 g5 15. Nxg5 Nxe4 
16. Nxe6 Qxh4 17. Nxc7+ Bxc7 18. dxe4 Ne7 19. Qf3 Rh7 20. O-O h5 
21. Bd5 Qf4 22. Qh3 Bb6 23. Ra6 Rh6 24. Rfa1 Bd8 25. Ra7 Rf6 
26. Qxh5 Rh6 27. Qf3 Qxh2+ 28. Kf1 Qf4 29. Qxf4 exf4 30. Nf5 Rh1+ 
31. Ke2 Rxa1 32. Nxd6+ Kf8 33. Rxa1 f6 34. Nf5 Nxf5 35. exf5 Bc7 
36. Ra7 Be5 37. Kd3 b4 38. Rb7 Rd8 39. Rb5 bxc3 40. bxc3 Ke7 
41. c4 Rh8 42. Ke4 Rh1 43. Rb6 Rd1 44. Re6+ Kd7 45. Kf3 Rd3+ 
46. Kg4 Rd2 47. Kf3 Rd3+ 48. Ke2 Rc3 49. Kd2 Rb3 50. Be4 Rb4 
51. Bd3 Ra4 52. c5 Ra2+ 53. Bc2 Ra5 54. c6+ Kc7 55. Be4 Ra2+ 
56. Ke1 Ra4 57. Bd5 Ra5 58. Be4 Ra4 59. Bd3 Ra1+ 60. Ke2 Ra2+ 
61. Kf3 Ra3 62. Ke4 Ra4+ 63. Kf3 Ra3 64. Ke2 Ra2+ 65. Ke1 Ra1+ 
66. Kd2 Ra2+ 67. Bc2 Ra6 68. Be4 Ra2+ 69. Kc1 Rxf2 70. Re7+ Kd8 
71. Rxe5 fxe5 72. f6 Rf1+ 73. Kc2 Rh1 74. f7 Rh8 75. Kd3 Ke7 
76. Bd5 Kd6 77. Ke4 Rd8 78. c7 Rf8 79. Bb3 Rc8 80. Ba4 Ke7 
81. Be8 Rxc7 82. Kxe5 Rc2 83. Kxf4 Rxg2 84. Ke4 1/2-1/2

[Event "Nordsjaellands Weekend EMT 2024"]
[Site "Allerod"]
[Date "2024.01.07"]
[Round "4"]
[White "Ramsdal, Jens Albert"]
[Black "Brondt, Nicolai Kvist"]
[Result "1/2-1/2"]
[WhiteElo "2416"]
[BlackElo "2236"]
[PlyCount "139"]
[EventDate "2024.01.05"]
[EventType "swiss"]
[EventRounds "5"]
[EventCountry "DEN"]
[SourceTitle "Live v. Allerod Skakklub"]

1. e4 c5 2. Nf3 e6 3. d4 cxd4 4. Nxd4 Nc6 5. Nc3 Qc7 
6. Be3 a6 7. g4 b5 8. Nxc6 Qxc6 9. Qd2 Bb7 10. O-O-O Rd8 
11. g5 b4 12. Ne2 d5 13. f4 Bc5 14. Bxc5 Qxc5 15. h4 Ne7 
16. h5 Qa5 17. e5 d4 18. Rh3 d3 19. Rxd3 Rxd3 20. Qxd3 Nd5 
21. Kb1 O-O 22. f5 exf5 23. Bh3 g6 24. Qd4 Qb6 25. hxg6 hxg6 
26. Bg2 Qxd4 27. Rxd4 Nc3+ 28. bxc3 Bxg2 29. cxb4 Re8 30. Nf4 Bf3 
31. Nd3 Be4 32. Nc5 Rxe5 33. Nd7 Re6 34. Nf6+ Kf8 35. Kb2 Ke7 
36. Rd7+ Kf8 37. Rd4 Ke7 38. Rd7+ Kf8 39. Rd8+ Ke7 40. Re8+ Kd6 
41. Rxe6+ Kxe6 42. Kc3 Bc6 43. Kd4 f4 44. Ng8 Ba4 45. Ke4 Bxc2+ 
46. Kxf4 Bb1 47. a3 Kd5 48. Nh6 Kc4 49. Nxf7 Kb3 50. Nd6 Bd3 
51. Ke3 Bb5 52. Kd4 Kxa3 53. Kc5 Bd3 54. b5 axb5 55. Nxb5+ Kb3 
56. Nd6 Kc3 57. Kd5 Bc2 58. Ke5 Kb4 59. Nc8 Kc5 60. Ne7 Kb6 
61. Kf6 Kc7 62. Nxg6 Kd7 63. Ne7 Ke8 64. Nf5 Bxf5 65. Kxf5 Kf7 
66. g6+ Kg7 67. Kg5 Kg8 68. Kf6 Kf8 69. g7+ Kg8 70. Kg6 1/2-1/2

[Event "Nordsjaellands Weekend EMT 2024"]
[Site "Allerod"]
[Date "2024.01.07"]
[Round "4"]
[White "Strange, Mikkel"]
[Black "Skonnord, Uno"]
[Result "0-1"]
[WhiteElo "2327"]
[BlackElo "2153"]
[PlyCount "160"]
[EventDate "2024.01.05"]
[EventType "swiss"]
[EventRounds "5"]
[EventCountry "DEN"]
[SourceTitle "Live v. Allerod Skakklub"]

1. Nc3 c5 2. e4 g6 3. d4 cxd4 4. Qxd4 Nf6 5. Bb5 Nc6 
6. Bxc6 bxc6 7. e5 Ng8 8. e6 Nf6 9. exf7+ Kxf7 10. Be3 Bg7 
11. Nf3 Rf8 12. O-O Kg8 13. Qh4 Qc7 14. Rad1 Ba6 15. Rfe1 Rae8 
16. Ng5 h6 17. Qa4 Qb7 18. Nge4 Nxe4 19. Qxe4 Kh7 20. Na4 d6 
21. c4 Qb4 22. b3 Bb7 23. Bd2 Qa3 24. Qc2 Bc8 25. Ba5 c5 
26. Rd2 Bd7 27. Re3 Bd4 28. Rg3 Bf5 29. Qd1 Be5 30. Rf3 Bg4 
31. Rdd3 Bxf3 32. gxf3 Qxa2 33. Bc3 Bxc3 34. Rxc3 Qa3 35. Re3 Qb4 
36. Nc3 Qb7 37. Kg2 Qd7 38. Qe2 Rf5 39. Re6 Rf6 40. Re4 Rf7 
41. Re6 Rf6 42. Re4 e6 43. Nd5 Rf5 44. Nf4 e5 45. Nd5 Ref8 
46. f4 Qf7 47. f3 g5 48. fxe5 dxe5 49. Re3 Kh8 50. h3 h5 
51. Qb2 Kh7 52. Qc2 Kh6 53. Qd1 e4 54. f4 gxf4 55. Rxe4 Qg7+ 
56. Kf1 f3 57. Re6+ Kh7 58. Qc2 Qg2+ 59. Qxg2 fxg2+ 60. Kxg2 Rg5+ 
61. Kh2 Rf2+ 62. Kh1 Rf3 63. Kh2 Rxb3 64. Re7+ Kg8 65. Rxa7 Rb2+ 
66. Kh1 Rg3 67. Nf6+ Kf8 68. Nd7+ Ke8 69. Nxc5 Rxh3+ 70. Kg1 Re3 
71. Kf1 h4 72. Rh7 h3 73. Nd7 Ra3 74. Nf6+ Kd8 75. Rh8+ Ke7 
76. Nd5+ Kd6 77. Rd8+ Kc5 78. Rc8+ Kd4 79. Re8 Ra1+ 80. Re1 Rxe1+ 
0-1

[Event "Nordsjaellands Weekend EMT 2024"]
[Site "Allerod"]
[Date "2024.01.07"]
[Round "4"]
[White "Petersen, Peter Birk"]
[Black "Hoiberg, Nina"]
[Result "1-0"]
[WhiteElo "2152"]
[BlackElo "2140"]
[PlyCount "83"]
[EventDate "2024.01.05"]
[EventType "swiss"]
[EventRounds "5"]
[EventCountry "DEN"]
[SourceTitle "Live v. Allerod Skakklub"]

1. e4 e5 2. Nf3 Nc6 3. Bb5 a6 4. Ba4 Nge7 5. c3 g6 
6. O-O Bg7 7. d4 exd4 8. cxd4 O-O 9. d5 Na7 10. Nc3 d6 
11. Re1 Bg4 12. h3 Bxf3 13. Qxf3 Nac8 14. Qe2 Nb6 15. Bc2 Nd7 
16. Bd2 f5 17. Bg5 f4 18. Qg4 Be5 19. g3 fxg3 20. f4 Bd4+ 
21. Kg2 Nf6 22. Qh4 Rf7 23. Ne2 Bf2 24. Bxf6 Bxe1 25. Rxe1 Qd7 
26. Bc3 b5 27. Qxg3 a5 28. b3 c5 29. Bb2 a4 30. Qc3 Kf8 
31. b4 Rc8 32. Bd3 Ng8 33. Rf1 Nf6 34. Ng3 Rc7 35. a3 Rc8 
36. f5 g5 37. Nh5 cxb4 38. Qd4 Ng8 39. axb4 Qe8 40. Ng7 Qd7 
41. Ne6+ Ke8 42. Qh8 1-0

[Event "Nordsjaellands Weekend EMT 2024"]
[Site "Allerod"]
[Date "2024.01.07"]
[Round "5"]
[White "Hansen, Sune Berg"]
[Black "Vinter Schou, Uffe"]
[Result "1-0"]
[WhiteElo "2511"]
[BlackElo "2348"]
[PlyCount "107"]
[EventDate "2024.01.05"]
[EventType "swiss"]
[EventRounds "5"]
[EventCountry "DEN"]
[SourceTitle "Live v. Allerod Skakklub"]

1. c4 e5 2. Nc3 Nf6 3. Nf3 Nc6 4. g3 d5 5. cxd5 Nxd5 
6. Bg2 Nb6 7. O-O Be7 8. b3 O-O 9. Bb2 Be6 10. Rc1 f6 
11. Ne4 Bd5 12. Nc5 Qc8 13. e4 Bf7 14. d4 exd4 15. Nxd4 Nxd4 
16. Qxd4 Rd8 17. Qe3 c6 18. Nd3 Qd7 19. Rfd1 c5 20. Bf3 Qb5 
21. e5 Nd5 22. Qe4 Bg6 23. Qg4 f5 24. Qc4 Qxc4 25. bxc4 Nc7 
26. e6 Bg5 27. Ra1 Nxe6 28. Bxb7 Rab8 29. Bd5 Bf7 30. Be5 Rb6 
31. h4 Be7 32. Bc3 Ra6 33. Ne5 Bf6 34. Kg2 Ra3 35. Bb2 Bxe5 
36. Bxa3 Bxa1 37. Rxa1 Nd4 38. Bxf7+ Kxf7 39. Bxc5 Nc2 40. Rc1 Rc8 
41. Rxc2 Rxc5 42. Kf3 Ke6 43. Ke3 Ke5 44. Kd3 g6 45. Kc3 Ke4 
46. Kb4 Rc7 47. c5 Kd3 48. Rc1 Ke2 49. f4 Kd2 50. Rc4 Kd3 
51. c6 a6 52. a4 h6 53. Rc1 Kd2 54. Rc5 1-0

[Event "Nordsjaellands Weekend EMT 2024"]
[Site "Allerod"]
[Date "2024.01.07"]
[Round "5"]
[White "Hector, Jonny"]
[Black "Haubro, Martin"]
[Result "1/2-1/2"]
[WhiteElo "2446"]
[BlackElo "2418"]
[PlyCount "136"]
[EventDate "2024.01.05"]
[EventType "swiss"]
[EventRounds "5"]
[EventCountry "DEN"]
[SourceTitle "Live v. Allerod Skakklub"]

1. e4 c5 2. Nf3 d6 3. d4 cxd4 4. Nxd4 Nf6 5. Nc3 a6 
6. Bg5 e6 7. f4 Qb6 8. Nb3 Nbd7 9. Qe2 Qc7 10. g3 h6 
11. Bh4 b5 12. Bg2 Bb7 13. a3 Be7 14. O-O-O e5 15. Rhe1 O-O 
16. Nd5 Nxd5 17. exd5 Bxh4 18. gxh4 Rae8 19. Qf2 exf4 20. Rg1 Nf6 
21. Qxf4 Qe7 22. Nd4 Bc8 23. Nc6 Qe3+ 24. Qxe3 Rxe3 25. Rde1 Rfe8 
26. Rxe3 Rxe3 27. Kd2 Re8 28. b3 Kf8 29. c4 bxc4 30. bxc4 Bf5 
31. Kc3 Re3+ 32. Kb4 Nd7 33. Rf1 Be4 34. Rf2 Bxg2 35. Rxg2 Re4 
36. Ka5 Rxc4 37. Kxa6 Ra4+ 38. Kb7 Nf6 39. Kc7 Nxd5+ 40. Kxd6 Ne3 
41. Ra2 Rxa3 42. Rxa3 Nc4+ 43. Kc5 Nxa3 44. Nd4 Nb1 45. Kc4 Ke7 
46. Kd3 Na3 47. Kc3 Kf6 48. Kb3 Nb1 49. Kc2 Ke5 50. Nc6+ Kd5 
51. Nd8 Na3+ 52. Kd3 f5 53. Ke3 Ke5 54. Nc6+ Kf6 55. Kf4 Nb5 
56. Nb8 Ke6 57. Na6 Nc3 58. Nc5+ Kf6 59. Nd7+ Kg6 60. Ne5+ Kf6 
61. Nd7+ Kg6 62. Ne5+ Kh5 63. Kxf5 Nd5 64. Ke6 Ne3 65. Kf7 Nf5 
66. Nd3 Kxh4 67. Kg6 Kg4 68. h3+ Kxh3 1/2-1/2

[Event "Nordsjaellands Weekend EMT 2024"]
[Site "Allerod"]
[Date "2024.01.07"]
[Round "5"]
[White "Borge, Nikolaj"]
[Black "Kristensen, Kaare Hove"]
[Result "0-1"]
[WhiteElo "2388"]
[BlackElo "2303"]
[PlyCount "95"]
[EventDate "2024.01.05"]
[EventType "swiss"]
[EventRounds "5"]
[EventCountry "DEN"]
[SourceTitle "Live v. Allerod Skakklub"]

1. e4 c5 2. Nf3 Nf6 3. e5 Nd5 4. Nc3 e6 5. Nxd5 exd5 
6. d4 Nc6 7. dxc5 Bxc5 8. Qxd5 d6 9. exd6 Qb6 10. Be3 Bxe3 
11. fxe3 Qxe3+ 12. Be2 O-O 13. Rd1 Re8 14. Qd2 Qb6 15. d7 Bxd7 
16. Qxd7 Rad8 17. Qh3 Rxd1+ 18. Kxd1 Qxb2 19. Ne1 Nd4 20. Bd3 h6 
21. Qg3 Qxa2 22. Qc7 Nb5 23. Bxb5 Qb1+ 24. Kd2 Qxb5 25. Nd3 Qg5+ 
26. Kc3 Qxg2 27. Rb1 b6 28. Re1 Rxe1 29. Nxe1 Qg1 30. Nd3 a5 
31. Qc8+ Kh7 32. Qf5+ Kg8 33. Qc8+ Kh7 34. Qf5+ Kg8 35. h4 Qg6 
36. Qf3 Qd6 37. h5 g6 38. Kc4 gxh5 39. Kb5 h4 40. Qg4+ Qg6 
41. Qxh4 Qg5+ 42. Qxg5+ hxg5 43. Kxb6 a4 44. Kc5 a3 45. Nc1 f5 
46. Kb4 f4 47. Kc3 f3 48. Kd4 0-1

[Event "Nordsjaellands Weekend EMT 2024"]
[Site "Allerod"]
[Date "2024.01.07"]
[Round "5"]
[White "Hoi, Carsten"]
[Black "Gregor, Bjarke"]
[Result "1-0"]
[WhiteElo "2395"]
[BlackElo "2159"]
[PlyCount "56"]
[EventDate "2024.01.05"]
[EventType "swiss"]
[EventRounds "5"]
[EventCountry "DEN"]
[SourceTitle "Live v. Allerod Skakklub"]

1. d4 d5 2. c4 e6 3. Nc3 Nf6 4. Bg5 c6 5. e3 Nbd7 
6. a3 Be7 7. Nf3 h6 8. Bh4 a5 9. Bd3 O-O 10. O-O dxc4 
11. Bxc4 b5 12. Bd3 Bb7 13. Qe2 b4 14. Na4 bxa3 15. bxa3 c5 
16. Nxc5 Bxf3 17. gxf3 Nxc5 18. dxc5 Bxc5 19. Rad1 Qe7 20. a4 Rad8 
21. Bb1 Bb4 22. Qc2 g5 23. Bg3 Rc8 24. Qe2 e5 25. Qd3 Rfe8 
26. Qf5 Qe6 27. Qxe6 fxe6 28. Bxe5 Nd5 1-0

[Event "Nordsjaellands Weekend EMT 2024"]
[Site "Allerod"]
[Date "2024.01.07"]
[Round "5"]
[White "Brondt, Nicolai Kvist"]
[Black "Lauritsen, Martin Lee"]
[Result "1/2-1/2"]
[WhiteElo "2236"]
[BlackElo "2127"]
[PlyCount "72"]
[EventDate "2024.01.05"]
[EventType "swiss"]
[EventRounds "5"]
[EventCountry "DEN"]
[SourceTitle "Live v. Allerod Skakklub"]

1. c4 e5 2. Nc3 Nf6 3. Nf3 Nc6 4. e4 Bb4 5. d3 h6 
6. a3 Bxc3+ 7. bxc3 d6 8. Be2 O-O 9. O-O Bg4 10. Ne1 Bxe2 
11. Qxe2 Nh7 12. Nc2 f5 13. exf5 Rxf5 14. Ne3 Rf7 15. Nd5 Ne7 
16. f4 Nxd5 17. cxd5 exf4 18. Bxf4 Qd7 19. Bg3 Re8 20. Qd2 Qe7 
21. Rfe1 Qd7 22. c4 b6 23. Rxe8+ Qxe8 24. Re1 Re7 25. Bh4 Rxe1+ 
26. Qxe1 Qxe1+ 27. Bxe1 Kf7 28. Kf2 Nf6 29. Kf3 Nd7 30. Bh4 g5 
31. Be1 Kg6 32. h4 Ne5+ 33. Ke4 Ng4 34. hxg5 hxg5 35. Kf3 Kf5 
36. Ke4+ Ke5+ 1/2-1/2

[Event "Nordsjaellands Weekend EMT 2024"]
[Site "Allerod"]
[Date "2024.01.07"]
[Round "5"]
[White "Skonnord, Uno"]
[Black "Thorsbro, Peter"]
[Result "1-0"]
[WhiteElo "2153"]
[BlackElo "2177"]
[PlyCount "37"]
[EventDate "2024.01.05"]
[EventType "swiss"]
[EventRounds "5"]
[EventCountry "DEN"]
[SourceTitle "Live v. Allerod Skakklub"]

1. e4 e5 2. Bc4 Nc6 3. Nc3 Nf6 4. d3 Bc5 5. f4 O-O 
6. Nf3 d6 7. f5 Na5 8. Bg5 Nxc4 9. dxc4 c6 10. Qd3 Re8 
11. g4 b5 12. cxb5 cxb5 13. Qxb5 Bd7 14. Qd3 Rb8 15. b3 Qa5 
16. Bxf6 Bb5 17. Qd2 gxf6 18. Nd5 Qd8 19. Qh6 1-0

[Event "Nordsjaellands Weekend EMT 2024"]
[Site "Allerod"]
[Date "2024.01.07"]
[Round "5"]
[White "Hoiberg, Nina"]
[Black "Ramsdal, Jens Albert"]
[Result "1/2-1/2"]
[WhiteElo "2140"]
[BlackElo "2416"]
[PlyCount "163"]
[EventDate "2024.01.05"]
[EventType "swiss"]
[EventRounds "5"]
[EventCountry "DEN"]
[SourceTitle "Live v. Allerod Skakklub"]

1. e4 e6 2. d4 d5 3. Nd2 c5 4. exd5 Qxd5 5. Ngf3 cxd4 
6. Bc4 Qd6 7. O-O Nf6 8. Nb3 Nc6 9. Nbxd4 Nxd4 10. Qxd4 Qxd4 
11. Nxd4 a6 12. Bf4 Be7 13. Rfe1 O-O 14. Nf5 Bd8 15. Nd6 b5 
16. Bb3 Bd7 17. c4 Bc6 18. Rac1 b4 19. Bg3 Nh5 20. Be5 Bf6 
21. Bxf6 gxf6 22. Re3 f5 23. Bd1 Nf4 24. g3 Rfd8 25. c5 Nd5 
26. Bf3 a5 27. Rd3 Kg7 28. Rd4 Ne7 29. Bxc6 Nxc6 30. Rd2 Kf6 
31. f4 h5 32. Kf2 h4 33. Re1 a4 34. Rc2 Rh8 35. Kg2 Rh7 
36. Rd2 hxg3 37. hxg3 Rah8 38. Ree2 Rh1 39. Kf3 Rc1 40. Rh2 Rxh2 
41. Rxh2 Rxc5 42. Rh7 Nd8 43. Rh8 Ke7 44. Rxd8 a3 45. Re8+ Kxd6 
46. bxa3 Rc3+ 47. Kg2 Rxa3 48. Rd8+ Kc5 49. Rd2 Kc4 50. Kh3 f6 
51. Kh4 Ra8 52. Kh5 Rg8 53. Re2 Kd5 54. Rd2+ Kc5 55. Rc2+ Kd6 
56. Rb2 Kc5 57. Rc2+ Kb5 58. Re2 Rxg3 59. Rxe6 Rg4 60. Rxf6 Rxf4 
61. Rf8 Rf2 62. Rb8+ Kc4 63. Rc8+ Kd4 64. Rd8+ Ke5 65. Rb8 Rb2 
66. Kg5 Ke4 67. Re8+ Kd3 68. Rb8 Kc3 69. Rc8+ Kd3 70. Ra8 Rf2 
71. Rd8+ Ke3 72. Re8+ Kd2 73. Rc8 f4 74. Rc4 f3 75. Kg4 Ke2 
76. Re4+ Kf1 77. Rxb4 Kg2 78. Rb3 Rf1 79. a4 Ra1 80. Rxf3 Rxa4+ 
81. Rf4 Rxf4+ 82. Kxf4 1/2-1/2